• 首页
  • 本馆介绍
  • 公告通知
  • 最新文献
  • 馆藏检索
  • 电子资源
  • 读者导购
  • 参考咨询
  • 我的图书馆
  • 登录
  • 详细信息显示
  • 放入我的书架
  • 预约/预借图书
  • 作者相关作品
  • 分类相关作品
  • 丛书相关作品
  • 出版社相关作品

书目信息

  • 表格格式
  • 工作单格式
  • 卡片格式
题名:
大学英语教学变革与赋能
    
 
作者: 鲁巧巧 著
分册:  
出版信息: 长春   吉林出版集团股份有限公司  2022.06
页数: 281页
开本: 24cm
丛书名:
单 册:
中图分类: H319.1
科图分类:
主题词: 英语--ying yu--教学改革--研究--高等学校
电子资源:
ISBN: 978-7-5731-0420-5
000 01509nam0 2200265 450
001 CAL 0120217317746
005 20230217093113.0
010    @a978-7-5731-0420-5@dCNY89.00
100    @a20220729d2022 em y0chiy0120 ea
101 0  @achi@aeng
102    @aCN@b220000
105    @aa a 000yy
106    @ar
200 1  @a大学英语教学变革与赋能@Ada xue ying yu jiao xue bian ge yu fu neng@f鲁巧巧著
210    @a长春@c吉林出版集团股份有限公司@d2022.06
215    @a281页@c图@d24cm
300    @a广东省普通高校青年创新人才类项目《高等教育集群发展视域下粤港澳大湾区应用型外语人才构建路径研究》 全国教育科学“十三五”规划国家重点课题《粤港澳大湾区教育一体化发展的问题与制度创新研究》
314    @a鲁巧巧, 广东广州人, 籍贯甘肃。现为广东金融学院外国语言与文化学院专任教师, 英语教育博士在读。
320    @a有书目 (第279-281页)
330    @a全书紧抓“变革”与“赋能”, 关注大学英语教学改革之路, 通过对教学改革背景下的大学英语教学模式的阐释, 诠释了大学英语教学组织和实施、人工智能与大学英语教学整合的自主学习策略以及如何有效融合“中国元素”进行大学英语文化教学等。在教学改革的背景下, 以大学英语教学的理论基础为核心, 全面整合当代大学英语课程的演进以及人工智能时代大学英语课程改革发展趋势, 结合粤港澳大湾区的发展机遇, 以广州作为调研地区, 深入分析了高等教育社会培训机构的区域分布和教学现况, 以及其对高等院校英语教学的启示。
606 0  @a英语@Aying yu@x教学改革@x研究@x高等学校
690    @aH319.1@v5
701  0 @a鲁巧巧@Alu qiao qiao@4著
801  0 @aCN@bBJXHZP@c20230228
905    @b1397261-4@dH319.1@e1445@f4
    
    大学英语教学变革与赋能/鲁巧巧著.-长春:吉林出版集团股份有限公司,2022.06
    281页:图;24cm
    广东省普通高校青年创新人才类项目《高等教育集群发展视域下粤港澳大湾区应用型外语人才构建路径研究》 全国教育科学“十三五”规划国家重点课题《粤港澳大湾区教育一体化发展的问题与制度创新研究》
    
    ISBN 978-7-5731-0420-5:CNY89.00
    全书紧抓“变革”与“赋能”, 关注大学英语教学改革之路, 通过对教学改革背景下的大学英语教学模式的阐释, 诠释了大学英语教学组织和实施、人工智能与大学英语教学整合的自主学习策略以及如何有效融合“中国元素”进行大学英语文化教学等。在教学改革的背景下, 以大学英语教学的理论基础为核心, 全面整合当代大学英语课程的演进以及人工智能时代大学英语课程改革发展趋势, 结合粤港澳大湾区的发展机遇, 以广州作为调研地区, 深入分析了高等教育社会培训机构的区域分布和教学现况, 以及其对高等院校英语教学的启示。
●
相关链接 在E读中查询图书 在五车中查询图书 在当当中查询图书 在豆瓣中查询图书


正题名:大学英语教学变革与赋能     索取号:H319.1/1445         预约/预借

序号 登录号 条形码 馆藏地/架位号 状态 备注
1 1397261   213972619   第二样本阅览室/ [索取号:H319.1/1445] 在馆    
2 1397262   213972628   第四借阅区/ [索取号:H319.1/1445] 在馆    
3 1397263   213972637   第四借阅区/ [索取号:H319.1/1445] 在馆    
4 1397264   213972646   第四借阅区/ [索取号:H319.1/1445] 在馆    
唐山师范学院图书馆 欢迎您!
大连网信软件有限公司© 版权所有